[Event "41st Guernsey Intl. -  Holiday  2015"]
[Site "Guernsey, GCI"]
[Date "2015.10.20"]
[Round "3"]
[White "Nalichowski, Bogdan"]
[Black "Finch, Russell"]
[Result "0-1"]
[WhiteElo "1386"]
[BlackElo "1620"]
[PlyCount "127"]
[EventDate "2015.10.18"]
[EventType "swiss"]
[EventRounds "7"]

1. e4 c5 2. Nc3 Nc6 3. Nf3 e6 4. Bb5 Nge7 5. a3 a6 6. Bc4 b5 7. Ba2 Bb7 8. d3
Qc7 9. Be3 d6 10. O-O Ng6 11. Ng5 O-O-O 12. f4 h6 13. Nf3 Be7 14. Ne1 Bf6 15.
Rb1 Nd4 16. Bd2 Rhe8 17. Ne2 d5 18. e5 Nxe2+ 19. Qxe2 Be7 20. c3 Rg8 21. d4 Nh4
22. a4 c4 23. axb5 axb5 24. b4 Qb6 25. Rb2 Kc7 26. Bb1 Ra8 27. Qg4 g6 28. Qh3
h5 29. Nf3 Nxf3+ 30. Rxf3 Ra3 31. Qg3 Rga8 32. Rf1 Kd7 33. Qh3 Qd8 34. g4 hxg4
35. Qxg4 Qh8 36. Be1 Qh6 37. Qg2 Rh8 38. Ra2 Rxa2 39. Bxa2 Qh5 40. Bb1 Kc7 41.
Bg3 Ra8 42. Qb2 Bc6 43. Bc2 Qh8 44. Qc1 Ra6 45. Qe3 Qa8 46. f5 gxf5 47. Bxf5
Qg8 48. Kh1 Kb7 49. Bc2 Ra3 50. Rg1 Bxb4 51. Be1 Qf8 52. Qc1 Bxc3 53. Qf4 Bxe1
54. Rxe1 Qe7 55. Rg1 Be8 56. Rg7 Ra1+ 57. Kg2 Ra2 58. Qc1 b4 59. Kf3 Qf8 60.
Rh7 Ra3+ 61. Kf4 Kc6 62. h4 f6 63. Qd1 fxe5+ 64. Kxe5 0-1

[Event "41st Guernsey Intl. -  Holiday  2015"]
[Site "Guernsey, GCI"]
[Date "2015.10.20"]
[Round "3"]
[White "Lorthioir, Gwenegan"]
[Black "Beadle, John R"]
[Result "1/2-1/2"]
[WhiteElo "1292"]
[BlackElo "1643"]
[PlyCount "55"]
[EventDate "2015.10.18"]
[EventType "swiss"]
[EventRounds "7"]

1. d4 f5 2. c4 Nf6 3. Nc3 e6 4. Nf3 Be7 5. Bf4 d6 6. e3 Nbd7 7. Be2 Nh5 8. Bg5
Bxg5 9. Nxg5 Qxg5 10. Bxh5+ g6 11. Bf3 e5 12. Rg1 e4 13. Be2 O-O 14. Nd5 Qd8
15. Qc2 Nf6 16. Nc3 a6 17. O-O-O Bd7 18. h3 b5 19. cxb5 axb5 20. Bxb5 Bxb5 21.
Qb3+ Kh8 22. Qxb5 Qe7 23. g3 Rfb8 24. Qe2 Qe6 25. Qc2 Nd5 26. a3 Nxc3 27. Qxc3
d5 28. Rd2 1/2-1/2

[Event "41st Guernsey Intl. -  Holiday  2015"]
[Site "Guernsey, GCI"]
[Date "2015.10.20"]
[Round "3"]
[White "Newrick, William R"]
[Black "Gunn, Michael J"]
[Result "1/2-1/2"]
[WhiteElo "1366"]
[BlackElo "1665"]
[PlyCount "45"]
[EventDate "2015.10.18"]
[EventType "swiss"]
[EventRounds "7"]

1. d4 d5 2. c4 dxc4 3. e4 e5 4. d5 c6 5. Bxc4 Nf6 6. Nc3 Be7 7. Nf3 Bd6 8. O-O
O-O 9. Bg5 h6 10. Bxf6 Qxf6 11. Qb3 Nd7 12. Qc2 Nb6 13. Bb3 Bg4 14. dxc6 bxc6
15. Qd3 Rfd8 16. Qe3 Nd7 17. Na4 Bc7 18. Nc5 Nxc5 19. Qxc5 Bb6 20. Qxe5 Bd4 21.
Qxf6 Bxf6 22. e5 Be7 23. Rfe1 1/2-1/2

[Event "41st Guernsey Intl. -  Holiday  2015"]
[Site "Guernsey, GCI"]
[Date "2015.10.20"]
[Round "3"]
[White "Harnden, Terry"]
[Black "Bennett, David W"]
[Result "1-0"]
[WhiteElo "1480"]
[BlackElo "1360"]
[PlyCount "123"]
[EventDate "2015.10.18"]
[EventType "swiss"]
[EventRounds "7"]

1. e4 e6 2. d4 c5 3. Nf3 cxd4 4. Nxd4 e5 5. Nb5 a6 6. Nd6+ Bxd6 7. Qxd6 Nf6 8.
Qxe5+ Qe7 9. Qxe7+ Kxe7 10. Bg5 Ke8 11. Bxf6 gxf6 12. Nc3 Nc6 13. O-O-O Rg8 14.
Nd5 Kf8 15. Nxf6 Rg7 16. Nxd7+ Bxd7 17. Rxd7 b5 18. f4 Ra7 19. Rxa7 Nxa7 20. g3
f6 21. Bh3 Nc6 22. Re1 Rc7 23. Kb1 Ke7 24. c3 Na5 25. Bf1 Nb7 26. h4 Nd6 27. g4
Nf7 28. g5 Rc8 29. gxf6+ Kxf6 30. e5+ Ke7 31. e6 Nd6 32. Bh3 Rc5 33. Bg4 h5 34.
Bh3 Rc8 35. Rg1 Kf6 36. Rg5 Rc4 37. Rxh5 Rxf4 38. Rd5 Nc4 39. h5 Rh4 40. Rf5+
Ke7 41. Rf7+ Ke8 42. Bg2 Nd6 43. Bc6+ Kd8 44. Rd7+ Ke8 45. Rxd6+ Ke7 46. Rd4
Rxh5 47. Re4 Rc5 48. Bb7 a5 49. Ba6 Rg5 50. b3 Rg1+ 51. Kb2 Rg2+ 52. Ka3 b4+
53. cxb4 axb4+ 54. Kxb4 Rxa2 55. Bc4 Ra8 56. Bd5 Rb8+ 57. Kc3 Rc8+ 58. Kd4 Rb8
59. Ke5 Rg8 60. Rf4 Kd8 61. e7+ Ke8 62. Bxg8 1-0

[Event "41st Guernsey Intl. -  Holiday  2015"]
[Site "Guernsey, GCI"]
[Date "2015.10.21"]
[Round "4"]
[White "Newell, David F"]
[Black "Van Hoek, Wim"]
[Result "1/2-1/2"]
[WhiteElo "1867"]
[BlackElo "1869"]
[PlyCount "27"]
[EventDate "2015.10.18"]
[EventType "swiss"]
[EventRounds "7"]

1. Nf3 e6 2. g3 f5 3. Bg2 Nf6 4. c4 c6 5. O-O d5 6. d4 Bd6 7. b3 Qe7 8. Ne5 O-O
9. Bb2 b6 10. Nd2 Bb7 11. Ndf3 Ne4 12. Nd2 Nxd2 13. Qxd2 Nd7 14. Nxd7 1/2-1/2

[Event "41st Guernsey Intl. -  Holiday  2015"]
[Site "Guernsey, GCI"]
[Date "2015.10.21"]
[Round "4"]
[White "Hermes, Geoff R"]
[Black "Hoogakker, Peter"]
[Result "1/2-1/2"]
[WhiteElo "1884"]
[BlackElo "1755"]
[PlyCount "50"]
[EventDate "2015.10.18"]
[EventType "swiss"]
[EventRounds "7"]

1. e4 d6 2. d4 Nf6 3. Nc3 Nbd7 4. Nf3 e5 5. Be2 Be7 6. O-O h6 7. Be3 c6 8. a4
Qc7 9. h3 Nf8 10. Rb1 g5 11. Nh2 Ng6 12. b4 Nf4 13. Bxf4 gxf4 14. b5 Bd7 15.
Qd3 a6 16. Rb2 cxb5 17. axb5 Rc8 18. bxa6 bxa6 19. Rb3 a5 20. Qa6 Nxe4 21. Nxe4
Qxc2 22. Qd3 Qxd3 23. Bxd3 f5 24. Nxd6+ Bxd6 25. dxe5 Bb4 1/2-1/2

[Event "41st Guernsey Intl. -  Holiday  2015"]
[Site "Guernsey, GCI"]
[Date "2015.10.21"]
[Round "4"]
[White "Goris Schouwstra, Adry"]
[Black "Kirk, Matthew"]
[Result "1/2-1/2"]
[WhiteElo "1835"]
[BlackElo "1749"]
[PlyCount "76"]
[EventDate "2015.10.18"]
[EventType "swiss"]
[EventRounds "7"]

1. d4 d5 2. Nf3 Nf6 3. e3 c6 4. Be2 Bf5 5. O-O e6 6. c4 Nbd7 7. Nc3 Qc7 8. b3
Bb4 9. Bb2 h6 10. Rc1 O-O 11. a3 Bxc3 12. Bxc3 a5 13. Ne5 dxc4 14. Nxc4 Rfd8
15. Qe1 b6 16. h3 Rac8 17. Bf3 Bd3 18. Be2 Bxe2 19. Qxe2 Ne4 20. Bb2 b5 21. Nd2
Nxd2 22. Qxd2 Nf6 23. Qc2 Qb6 24. Rfd1 c5 25. dxc5 Rxd1+ 26. Qxd1 Rxc5 27. Bd4
Rxc1 28. Qxc1 Qb7 29. Bxf6 gxf6 30. Qc3 Kg7 31. Qxa5 Qd5 32. Qb4 Qe5 33. Qg4+
Kh7 34. Qd4 Qf5 35. e4 Qf4 36. Qb4 Qc1+ 37. Kh2 Qf4+ 38. Kg1 Qc1+ 1/2-1/2

[Event "41st Guernsey Intl. -  Holiday  2015"]
[Site "Guernsey, GCI"]
[Date "2015.10.21"]
[Round "4"]
[White "Stuart, Brian"]
[Black "Dennis, Nigel W"]
[Result "1/2-1/2"]
[WhiteElo "1758"]
[BlackElo "1809"]
[PlyCount "35"]
[EventDate "2015.10.18"]
[EventType "swiss"]
[EventRounds "7"]

1. e4 c5 2. c3 d5 3. exd5 Qxd5 4. Nf3 Nf6 5. d4 e6 6. Na3 Be7 7. Bc4 Qd8 8. O-O
O-O 9. Bf4 a6 10. dxc5 Bxc5 11. Nc2 b5 12. Be2 Bb7 13. Qxd8 Rxd8 14. Rad1 Nc6
15. Bg5 Be7 16. Ncd4 Nxd4 17. Rxd4 Rxd4 18. Nxd4 1/2-1/2

[Event "41st Guernsey Intl. -  Holiday  2015"]
[Site "Guernsey, GCI"]
[Date "2015.10.21"]
[Round "4"]
[White "Joyeux, Gerard"]
[Black "Hamann, Marcus"]
[Result "0-1"]
[WhiteElo "1594"]
[BlackElo "1872"]
[PlyCount "52"]
[EventDate "2015.10.18"]
[EventType "swiss"]
[EventRounds "7"]

1. d4 f5 2. e4 fxe4 3. f3 e6 4. Be3 b6 5. Nd2 exf3 6. Qxf3 d5 7. Bd3 Nf6 8. Ne2
Bd6 9. O-O O-O 10. Bg5 c5 11. c3 Qe7 12. Nf4 Bxf4 13. Qxf4 cxd4 14. Qxd4 Qc5
15. Nf3 Ba6 16. Qxc5 bxc5 17. Rfd1 Bxd3 18. Rxd3 Nc6 19. Re1 c4 20. Rde3 Ne4
21. Rxe4 dxe4 22. Rxe4 e5 23. Rxc4 Rac8 24. Re4 h6 25. Bh4 Rf4 26. Re2 e4 0-1

[Event "41st Guernsey Intl. -  Holiday  2015"]
[Site "Guernsey, GCI"]
[Date "2015.10.21"]
[Round "4"]
[White "Karcher, Berthold"]
[Black "Kearsley, Raymond J"]
[Result "1-0"]
[WhiteElo "1871"]
[BlackElo "1718"]
[PlyCount "37"]
[EventDate "2015.10.18"]
[EventType "swiss"]
[EventRounds "7"]

1. Nf3 g6 2. d4 Bg7 3. e4 c5 4. c3 cxd4 5. cxd4 Nc6 6. Nc3 d6 7. Be2 Nf6 8. O-O
O-O 9. h3 Bd7 10. Be3 b6 11. Qd2 Re8 12. Rfc1 Rc8 13. Ba6 Rb8 14. e5 dxe5 15.
dxe5 Nh5 16. g4 Nxe5 17. Nxe5 Bxe5 18. gxh5 Qc7 19. f4 1-0

[Event "41st Guernsey Intl. -  Holiday  2015"]
[Site "Guernsey, GCI"]
[Date "2015.10.21"]
[Round "4"]
[White "Lorthioir, Romuald"]
[Black "Bateman, Kerry"]
[Result "1/2-1/2"]
[WhiteElo "1491"]
[BlackElo "1824"]
[PlyCount "47"]
[EventDate "2015.10.18"]
[EventType "swiss"]
[EventRounds "7"]

1. c4 e5 2. g3 Nf6 3. Bg2 Bc5 4. Nc3 O-O 5. Nf3 Nc6 6. O-O Re8 7. a3 a5 8. b3
d5 9. cxd5 Nxd5 10. Bb2 e4 11. Ne1 Nf6 12. e3 Qe7 13. d4 Bb6 14. Na4 Bg4 15.
Qd2 Ba7 16. Rc1 Qd7 17. Nc5 Qd5 18. Qc2 Qh5 19. Nxe4 Nxe4 20. Bxe4 Be2 21.
Bxh7+ Kh8 22. Bd3 Bxf1 23. Bxf1 Re6 24. Bg2 1/2-1/2

[Event "41st Guernsey Intl. -  Holiday  2015"]
[Site "Guernsey, GCI"]
[Date "2015.10.21"]
[Round "4"]
[White "Van Beek, Ronald"]
[Black "Wickham, Michael"]
[Result "0-1"]
[WhiteElo "1297"]
[BlackElo "1728"]
[PlyCount "42"]
[EventDate "2015.10.18"]
[EventType "swiss"]
[EventRounds "7"]

1. d4 Nf6 2. Nf3 g6 3. Bg5 Bg7 4. Bxf6 exf6 5. e3 O-O 6. Be2 d6 7. O-O f5 8.
Nbd2 Nd7 9. c3 Nf6 10. h3 Re8 11. Bc4 d5 12. Bb3 Ne4 13. Nxe4 fxe4 14. Nd2 Be6
15. c4 c5 16. cxd5 Bxd5 17. Bxd5 Qxd5 18. Nb3 cxd4 19. Nxd4 Rad8 20. Qc2 Bxd4
21. Rfd1 Qc5 0-1

[Event "41st Guernsey Intl. -  Holiday  2015"]
[Site "Guernsey, GCI"]
[Date "2015.10.21"]
[Round "4"]
[White "O'Connell, Denis"]
[Black "Baart, Edwin"]
[Result "0-1"]
[WhiteElo "1811"]
[BlackElo "1675"]
[PlyCount "84"]
[EventDate "2015.10.18"]
[EventType "swiss"]
[EventRounds "7"]

1. e4 e5 2. d4 exd4 3. c3 d5 4. Qxd4 dxe4 5. Qxd8+ Kxd8 6. Be3 Be6 7. Nd2 Nf6
8. O-O-O Bd6 9. Nc4 Ke7 10. Nxd6 cxd6 11. Kb1 Nc6 12. Ne2 Ng4 13. h3 Nxe3 14.
fxe3 f5 15. Nd4 h5 16. Be2 g6 17. Rhf1 Ne5 18. Nxe6 Kxe6 19. Rd4 Rhd8 20. Rfd1
Rac8 21. Rd5 Nc4 22. Bxc4 Rxc4 23. Kc2 Rd7 24. Kb3 Rc5 25. R5d4 d5 26. Kc2 a5
27. Rb1 b5 28. b4 axb4 29. Rdxb4 Ra7 30. R1b2 Ra3 31. R4b3 Rxb3 32. Rxb3 Ke5
33. Kd2 f4 34. exf4+ Kxf4 35. g3+ Ke5 36. Ke3 g5 37. a3 Rxc3+ 38. Rxc3 d4+ 39.
Kd2 dxc3+ 40. Kxc3 Kd5 41. h4 g4 42. Kd2 Kd4 0-1

[Event "41st Guernsey Intl. -  Holiday  2015"]
[Site "Guernsey, GCI"]
[Date "2015.10.21"]
[Round "4"]
[White "Colsen, Manuel"]
[Black "Reutimann, Hans Peter"]
[Result "1-0"]
[WhiteElo "1644"]
[BlackElo "1780"]
[PlyCount "119"]
[EventDate "2015.10.18"]
[EventType "swiss"]
[EventRounds "7"]

1. Nf3 d5 2. d4 Bf5 3. g3 Nf6 4. Bg2 e6 5. O-O c6 6. b3 Nbd7 7. Bb2 Be7 8. Nbd2
O-O 9. c4 a5 10. Rc1 Re8 11. Re1 Bd6 12. Nh4 Bg4 13. h3 Bh5 14. c5 Bc7 15. Qc2
Bg6 16. Nxg6 fxg6 17. e4 Nh5 18. e5 g5 19. Bf3 g6 20. Bxh5 gxh5 21. Qd1 h4 22.
gxh4 gxh4 23. Kh1 Qe7 24. Rg1+ Kh8 25. Qh5 Rf8 26. Rg2 Rf5 27. Qg4 Raf8 28.
Rcg1 Qf7 29. Qxh4 Bd8 30. Qg4 Rg5 31. Qe2 Rxg2 32. Rxg2 Rg8 33. Rxg8+ Qxg8 34.
Qg4 Qf7 35. Nf3 Nf8 36. Bc1 Qg6 37. Qxg6 hxg6 38. a3 Kg7 39. b4 axb4 40. axb4
Nd7 41. Bg5 Bc7 42. Be7 b6 43. Ng5 Bb8 44. Bd6 bxc5 45. Nxe6+ Kf7 46. Nxc5 Bxd6
47. exd6 Nf6 48. Kg2 g5 49. d7 Ke7 50. d8=Q+ Kxd8 51. Ne6+ Ke7 52. Nxg5 Nd7 53.
f4 Nb8 54. h4 Na6 55. h5 Nxb4 56. h6 Nd3 57. Kf3 Kf6 58. h7 Kg7 59. f5 c5 60.
f6+ 1-0

[Event "41st Guernsey Intl. -  Holiday  2015"]
[Site "Guernsey, GCI"]
[Date "2015.10.21"]
[Round "4"]
[White "Bakkes, Frits"]
[Black "Collins, Alan"]
[Result "0-1"]
[WhiteElo "1632"]
[BlackElo "1753"]
[PlyCount "44"]
[EventDate "2015.10.18"]
[EventType "swiss"]
[EventRounds "7"]

1. e4 d6 2. d4 Nf6 3. Nc3 c6 4. Be2 g6 5. Nf3 Bg7 6. Be3 Nbd7 7. Qd2 e5 8. h3
O-O 9. O-O-O Qa5 10. Kb1 b5 11. dxe5 dxe5 12. Qd6 Bb7 13. b4 Qa3 14. Rd3 Qa6
15. Nxe5 Nxe5 16. Qxe5 Rfe8 17. Qf4 c5 18. Bxc5 Nxe4 19. Nxe4 Bxe4 20. Rd2 Qa3
21. Bd4 Qxb4+ 22. Kc1 Bxd4 0-1

[Event "41st Guernsey Intl. -  Holiday  2015"]
[Site "Guernsey, GCI"]
[Date "2015.10.21"]
[Round "4"]
[White "Vonhoff, Joerg"]
[Black "Gstalter, Herbert"]
[Result "1/2-1/2"]
[WhiteElo "1728"]
[BlackElo "1640"]
[PlyCount "52"]
[EventDate "2015.10.18"]
[EventType "swiss"]
[EventRounds "7"]

1. e4 e6 2. d4 d5 3. Nd2 Nf6 4. e5 Nfd7 5. Bd3 c5 6. c3 Nc6 7. Ne2 Qb6 8. Nf3
cxd4 9. cxd4 f6 10. exf6 Nxf6 11. O-O Bd6 12. a3 Bd7 13. b4 O-O 14. Bg5 Rae8
15. Rc1 Kh8 16. Qc2 h6 17. Bf4 Ne7 18. Be5 Rc8 19. Qb1 Nf5 20. Bxf5 exf5 21.
Bxd6 Qxd6 22. Ne5 Ne4 23. Rxc8 Bxc8 24. Qc2 Kg8 25. f3 Ng5 26. Rc1 Ne6 1/2-1/2

[Event "41st Guernsey Intl. -  Holiday  2015"]
[Site "Guernsey, GCI"]
[Date "2015.10.21"]
[Round "4"]
[White "Jongerius, Marc"]
[Black "Day, Fred G"]
[Result "1-0"]
[WhiteElo "1718"]
[BlackElo "1510"]
[PlyCount "93"]
[EventDate "2015.10.18"]
[EventType "swiss"]
[EventRounds "7"]

1. e4 g6 2. Nf3 Bg7 3. d4 d6 4. Be2 Nc6 5. c3 e5 6. d5 Nce7 7. c4 Nf6 8. c5
Nxe4 9. Qa4+ c6 10. Qxe4 cxd5 11. Qa4+ Bd7 12. Qc2 Qa5+ 13. Bd2 Qxc5 14. Qb3
Qc7 15. O-O O-O 16. Rc1 Bc6 17. Nc3 Qd7 18. Bb5 Rab8 19. Rd1 a6 20. Be2 d4 21.
Nb1 Ba4 22. Qd3 Bxd1 23. Bxd1 d5 24. Qa3 e4 25. Bb4 Rfe8 26. Ng5 Rbc8 27. Nd2
e3 28. fxe3 dxe3 29. Qxe3 Nf5 30. Qf3 Bd4+ 31. Kh1 Re1+ 32. Nf1 Ne3 33. Bxe1
Rc6 34. Nxe3 Rf6 35. Qe2 Bxe3 36. Nf3 d4 37. Bd2 Re6 38. Bxe3 Rxe3 39. Qd2 Qe7
40. Bc2 Re2 41. Qd3 b5 42. h3 Rf2 43. Re1 Qd6 44. Kg1 Qg3 45. Re8+ Kg7 46.
Qxd4+ Kh6 47. Qxf2 1-0

[Event "41st Guernsey Intl. -  Holiday  2015"]
[Site "Guernsey, GCI"]
[Date "2015.10.21"]
[Round "4"]
[White "Savident, David"]
[Black "Gibzinski, Stanislaw"]
[Result "1-0"]
[WhiteElo "1704"]
[BlackElo "1281"]
[PlyCount "69"]
[EventDate "2015.10.18"]
[EventType "swiss"]
[EventRounds "7"]

1. c4 e6 2. Nc3 Nf6 3. g3 d5 4. cxd5 exd5 5. Bg2 c6 6. e3 Bf5 7. Nf3 Nbd7 8.
O-O Be7 9. d4 O-O 10. b3 Qa5 11. Bb2 Bb4 12. Ne2 Rfe8 13. Nh4 Be4 14. a3 Bxg2
15. axb4 Qxb4 16. Kxg2 Ng4 17. Qd3 Ndf6 18. h3 Nh6 19. Ba3 Qb6 20. Nf3 Ne4 21.
Nd2 Nxd2 22. Qxd2 Qxb3 23. Rfb1 Qc4 24. Rb4 Qa6 25. Bb2 Qxa1 26. Bxa1 b6 27. g4
c5 28. dxc5 bxc5 29. Rb7 Red8 30. Qc3 d4 31. exd4 cxd4 32. Nxd4 Rd6 33. Nf5
Nxf5 34. gxf5 f6 35. Qc7 1-0

[Event "41st Guernsey Intl. -  Holiday  2015"]
[Site "Guernsey, GCI"]
[Date "2015.10.21"]
[Round "4"]
[White "Finch, Russell"]
[Black "Wale, Ray"]
[Result "1-0"]
[WhiteElo "1620"]
[BlackElo "1660"]
[PlyCount "52"]
[EventDate "2015.10.18"]
[EventType "swiss"]
[EventRounds "7"]

1. d4 d5 2. Bf4 c6 3. e3 Nf6 4. Bd3 e6 5. Nf3 Nbd7 6. Nbd2 Qb6 7. Rb1 c5 8. c3
h6 9. O-O Bd6 10. Ne5 c4 11. Bc2 Qc7 12. Ndf3 O-O 13. h3 Nh7 14. Qe2 Nxe5 15.
dxe5 Be7 16. e4 f6 17. exf6 Qxf4 18. fxe7 Re8 19. exd5 Rxe7 20. Rfe1 Nf8 21.
Rbd1 Bd7 22. Rd4 Qf6 23. d6 Ree8 24. Ne5 Rac8 25. Nxd7 Nxd7 26. Qe4 Rf8 1-0

[Event "41st Guernsey Intl. -  Holiday  2015"]
[Site "Guernsey, GCI"]
[Date "2015.10.21"]
[Round "4"]
[White "Lorthioir, Gwenegan"]
[Black "Goman, Colin"]
[Result "1/2-1/2"]
[WhiteElo "1292"]
[BlackElo "1804"]
[PlyCount "46"]
[EventDate "2015.10.18"]
[EventType "swiss"]
[EventRounds "7"]

1. d4 Nf6 2. c4 d6 3. Nc3 Bf5 4. Nf3 Nbd7 5. Bf4 Nh5 6. Bg5 h6 7. Bh4 g5 8. Bg3
Nxg3 9. hxg3 e5 10. dxe5 dxe5 11. e3 Bb4 12. Qb3 Qe7 13. Be2 Nc5 14. Qd1 Rd8
15. Nd2 Bxc3 16. bxc3 Bd3 17. O-O e4 18. Re1 Qf6 19. Rc1 O-O 20. Rf1 Qc6 21.
Ra1 Rd6 22. Qe1 Rfd8 23. Nb3 Bxe2 1/2-1/2

[Event "41st Guernsey Intl. -  Holiday  2015"]
[Site "Guernsey, GCI"]
[Date "2015.10.21"]
[Round "4"]
[White "Foster, Paul"]
[Black "Brown, Jim"]
[Result "1-0"]
[WhiteElo "1653"]
[BlackElo "1195"]
[PlyCount "61"]
[EventDate "2015.10.18"]
[EventType "swiss"]
[EventRounds "7"]

1. e4 c6 2. d4 d6 3. Bd3 Nd7 4. f4 e6 5. Nf3 Be7 6. O-O Ngf6 7. e5 dxe5 8. fxe5
Nd5 9. c3 O-O 10. Qe2 f5 11. exf6 N7xf6 12. Ne5 Qe8 13. Nd2 Nh5 14. Rxf8+ Bxf8
15. Ne4 Ndf4 16. Qf3 Nxd3 17. Qxd3 Be7 18. Bd2 Nf6 19. Rf1 Nxe4 20. Qxe4 Bf6
21. Ng4 Qg6 22. Qxg6 hxg6 23. Nxf6+ gxf6 24. Rxf6 Kg7 25. Bg5 Bd7 26. Kf2 Rf8
27. Rxf8 Kxf8 28. Ke3 b5 29. Ke4 Kf7 30. Ke5 a6 31. b4 1-0

[Event "41st Guernsey Intl. -  Holiday  2015"]
[Site "Guernsey, GCI"]
[Date "2015.10.21"]
[Round "4"]
[White "Akeya Price, Robert"]
[Black "Harnden, Terry"]
[Result "1/2-1/2"]
[WhiteElo "1517"]
[BlackElo "1480"]
[PlyCount "57"]
[EventDate "2015.10.18"]
[EventType "swiss"]
[EventRounds "7"]

1. d4 Nf6 2. c4 e6 3. Nc3 Bb4 4. Nf3 h6 5. Bf4 O-O 6. e3 b6 7. Bd3 Bb7 8. O-O
Bxc3 9. bxc3 Be4 10. Bxe4 Nxe4 11. Qd3 Nf6 12. e4 d5 13. cxd5 exd5 14. e5 Ne4
15. h3 c6 16. Ne1 Qh4 17. Bh2 Nd7 18. f4 f5 19. c4 Qh5 20. cxd5 cxd5 21. Nf3
Qf7 22. Qb3 a6 23. Rac1 Rac8 24. Rc2 Rc4 25. a4 Rfc8 26. Rfc1 Qe6 27. Rxc4 Rxc4
28. Rxc4 dxc4 29. Qc2 1/2-1/2

[Event "41st Guernsey Intl. -  Holiday  2015"]
[Site "Guernsey, GCI"]
[Date "2015.10.21"]
[Round "4"]
[White "Namazbayeva, Sholpan"]
[Black "Jones, Tim"]
[Result "1-0"]
[WhiteElo "1449"]
[BlackElo "1518"]
[PlyCount "105"]
[EventDate "2015.10.18"]
[EventType "swiss"]
[EventRounds "7"]

1. d4 d5 2. c4 c6 3. Nc3 Bf5 4. Nf3 h6 5. Bf4 e6 6. a3 Nf6 7. cxd5 exd5 8. h3
Be7 9. e3 Nbd7 10. Bd3 Ne4 11. Ne5 Ndf6 12. f3 Nxc3 13. bxc3 Qc8 14. O-O O-O
15. Qe2 Bxd3 16. Qxd3 Qd8 17. c4 Re8 18. Rab1 dxc4 19. Nxc4 Nd5 20. Bh2 Bg5 21.
f4 Be7 22. Rxb7 Rb8 23. Rxa7 Ra8 24. Rb7 Bxa3 25. Qf5 f6 26. e4 Ne7 27. Qe6+
Kf8 28. Rd7 Qb8 29. f5 Qb4 30. Bd6 Qb5 31. Bxa3 Rxa3 32. Nd6 Qb3 33. Qxb3 Rxb3
34. Nxe8 Kxe8 35. Ra7 Re3 36. Ra8+ Kf7 37. Rf4 Rd3 38. Ra4 g6 39. fxg6+ Nxg6
40. Rf3 Rd1+ 41. Rf1 Rxf1+ 42. Kxf1 Ke6 43. g4 Kd6 44. Ra7 Ne7 45. Kf2 Ke6 46.
Kf3 Kd6 47. Kg3 Ke6 48. Kh4 Ng6+ 49. Kg3 Ne7 50. h4 Ng6 51. Kf3 Ne7 52. h5 Kd6
53. Ra8 1-0

[Event "41st Guernsey Intl. -  Holiday  2015"]
[Site "Guernsey, GCI"]
[Date "2015.10.21"]
[Round "4"]
[White "Gunn, Michael J"]
[Black "Abbas, Ahmed C"]
[Result "0-1"]
[WhiteElo "1665"]
[BlackElo "1486"]
[PlyCount "104"]
[EventDate "2015.10.18"]
[EventType "swiss"]
[EventRounds "7"]

1. d4 Nf6 2. Nf3 d5 3. e3 e6 4. Bd3 c5 5. c3 Nc6 6. Nbd2 Nd7 7. e4 dxe4 8. Nxe4
cxd4 9. cxd4 Be7 10. O-O Nf6 11. Bc2 O-O 12. a3 Re8 13. b4 a6 14. Bb2 b5 15.
Qd3 g6 16. Rad1 Bb7 17. Nc5 Qc8 18. Nxb7 Qxb7 19. Qe3 Nd5 20. Qh6 Bf8 21. Qd2
Nce7 22. Rfe1 Nf5 23. Bxf5 exf5 24. Bc1 Rad8 25. Qb2 Bg7 26. Bg5 Rxe1+ 27. Rxe1
Bf6 28. Bxf6 Nxf6 29. Re5 Qb8 30. h3 Rd5 31. Qb3 Qb7 32. Qe3 Qc6 33. Ng5 Rxe5
34. Qxe5 Qc1+ 35. Kh2 Qxg5 36. f4 Qh4 37. Qb8+ Kg7 38. Qe5 Kf8 39. Qd6+ Kg7 40.
Qe5 Kh6 41. Kg1 Ne4 42. Qb8 Qf2+ 43. Kh2 Qxd4 44. Qf8+ Qg7 45. Qe7 Qg8 46. g4
Kg7 47. Qe5+ f6 48. Qc7+ Qf7 49. Qc2 Qd5 50. Qd1 Qa2+ 51. Kg1 Qf2+ 52. Kh1 Ng3#
0-1

[Event "41st Guernsey Intl. -  Holiday  2015"]
[Site "Guernsey, GCI"]
[Date "2015.10.21"]
[Round "4"]
[White "Beadle, John R"]
[Black "Nalichowski, Bogdan"]
[Result "1-0"]
[WhiteElo "1643"]
[BlackElo "1386"]
[PlyCount "117"]
[EventDate "2015.10.18"]
[EventType "swiss"]
[EventRounds "7"]

1. e4 e5 2. Nf3 Nc6 3. Bb5 Nge7 4. O-O Ng6 5. c3 d5 6. exd5 Qxd5 7. Ba4 Be7 8.
Bb3 Qd6 9. d3 Bg4 10. h3 Bf5 11. d4 O-O-O 12. Bxf7 Nh4 13. Nbd2 exd4 14. c4 g5
15. g4 Bg6 16. Bd5 Ne5 17. Nxe5 Qxe5 18. Re1 Qg7 19. Nf3 Nxf3+ 20. Qxf3 c6 21.
Be6+ Kb8 22. Bd2 Rhe8 23. a4 Rf8 24. Qg2 Rf6 25. Bxg5 Rxe6 26. Rxe6 Bxg5 27.
Qg3+ Ka8 28. Rae1 Bf7 29. Qc7 Qg8 30. Re7 Bxe7 31. Rxe7 Rb8 32. Rxf7 h5 33. f3
hxg4 34. hxg4 Qg5 35. Qf4 Qc5 36. Rf5 Qxc4 37. Rf8 Qc1+ 38. Qxc1 Rxf8 39. Kg2
Kb8 40. Qc5 Rd8 41. Kf2 a6 42. g5 Rd5 43. Qf8+ Kc7 44. Qf7+ Rd7 45. Qf4+ Kb6
46. Ke2 c5 47. Qd2 Kc6 48. f4 b5 49. Qa5 b4 50. Qxa6+ Kd5 51. Kd3 Re7 52. Qa8+
Kd6 53. Qf8 Kd7 54. Qxe7+ Kxe7 55. a5 Ke6 56. a6 Kd5 57. b3 Ke6 58. a7 c4+ 59.
Kxc4 1-0

[Event "41st Guernsey Intl. -  Holiday  2015"]
[Site "Guernsey, GCI"]
[Date "2015.10.21"]
[Round "4"]
[White "Wood, Stuart E"]
[Black "Newrick, William R"]
[Result "1-0"]
[WhiteElo "1543"]
[BlackElo "1366"]
[PlyCount "85"]
[EventDate "2015.10.18"]
[EventType "swiss"]
[EventRounds "7"]

1. d4 d5 2. Bg5 f6 3. Bh4 c5 4. e3 Nc6 5. Bb5 Qa5+ 6. Nc3 Bd7 7. Nge2 Nh6 8.
O-O Nf5 9. Bxc6 Bxc6 10. Bg3 Nxg3 11. fxg3 O-O-O 12. Nf4 Rd6 13. Qg4+ Bd7 14.
Qf3 cxd4 15. exd4 e6 16. Nd3 Bb5 17. Nxb5 Qxb5 18. a4 Qd7 19. b4 Rc6 20. Nc5
Bxc5 21. bxc5 e5 22. c3 e4 23. Qe2 g6 24. c4 f5 25. h3 Re8 26. Qa2 Rd8 27. Rad1
Qe6 28. cxd5 Qxd5 29. Qd2 Re8 30. Qa5 Ra6 31. Qb5 Rd8 32. Qb4 Rc6 33. Qa5 Rd7
34. g4 Ra6 35. Qb4 Rf7 36. gxf5 Rxf5 37. Rxf5 Qxf5 38. Rf1 Qg5 39. c6 Qe3+ 40.
Kh2 Rxc6 41. Qf8+ Kc7 42. Qe7+ Kb6 43. Qb4+ 1-0

[Event "41st Guernsey Intl. -  Holiday  2015"]
[Site "Guernsey, GCI"]
[Date "2015.10.21"]
[Round "4"]
[White "Bennett, David W"]
[Black "Jones, Sid"]
[Result "1/2-1/2"]
[WhiteElo "1360"]
[BlackElo "1435"]
[PlyCount "51"]
[EventDate "2015.10.18"]
[EventType "swiss"]
[EventRounds "7"]

1. Nf3 d5 2. d4 Nf6 3. Bf4 Nbd7 4. Nbd2 c5 5. e3 c4 6. c3 b5 7. b3 Nb6 8. Be2
Bf5 9. O-O e6 10. Bg5 Be7 11. a4 O-O 12. axb5 Re8 13. Ne5 Ne4 14. Nc6 Nxc3 15.
Nxd8 Nxd1 16. Bxe7 Rxe7 17. Nc6 Rc7 18. Rfxd1 Bc2 19. Rdc1 cxb3 20. Rf1 a5 21.
Bd1 Bxd1 22. Rfxd1 a4 23. Ra3 Nc4 24. Nxc4 dxc4 25. Rb1 g6 26. Nb4 1/2-1/2